<?xml version="1.0" encoding="UTF-8"?>
<collection xmlns="http://www.loc.gov/MARC21/slim">
  <record>
    <leader>00000nam  2200000   4500</leader>
    <controlfield tag="001">INLIS000000000018306</controlfield>
    <controlfield tag="005">20240926090250</controlfield>
    <datafield tag="035" ind1="#" ind2="#">
      <subfield code="a">0010-0924000135</subfield>
    </datafield>
    <controlfield tag="007">ta</controlfield>
    <controlfield tag="008">240926###########################0######</controlfield>
    <datafield tag="245" ind1="#" ind2="#">
      <subfield code="a">PARAGA :</subfield>
      <subfield code="b">Penyusunan bahan perhitungan dan perencanaan anggaran /</subfield>
      <subfield code="c">Andi Mantahari Tajuddin, S.E., M.M</subfield>
    </datafield>
    <datafield tag="260" ind1="#" ind2="#">
      <subfield code="a">Makassar :</subfield>
      <subfield code="b">Puslatbang KMP LAN RI Makassar,</subfield>
      <subfield code="c">2024</subfield>
    </datafield>
    <datafield tag="300" ind1="#" ind2="#">
      <subfield code="a">19 ;</subfield>
      <subfield code="c">30</subfield>
    </datafield>
    <datafield tag="650" ind1="#" ind2="4">
      <subfield code="a">Penyusunan anggaran dengan akurat,relevan, dan realistis</subfield>
    </datafield>
    <datafield tag="700" ind1=" " ind2="#">
      <subfield code="a">Andi Samsophyan, S.E., M.M (Mentor)</subfield>
    </datafield>
    <datafield tag="700" ind1=" " ind2="#">
      <subfield code="a">Milawati, S.S., S.E.,M.M (Coach)</subfield>
    </datafield>
    <datafield tag="520" ind1="#" ind2="#">
      <subfield code="a">semakin populer sebagai pendekatan yang efektif dalam membantu individu atau tim mengembangkan keterampilan, pengetahuan, dan pemahaman yang diperlukan untuk mencapai tujuan Organisasi. Coaching dalam penyusunan anggaran tidak hanya tentang memberikan instruksi atau arahan, tetapi juga tentang memberikan bimbingan yang terarah, mendukung, dan memberdayakan individu atau tim untuk mengambil langkah-langkah yang tepat dalam menyusun anggaran yang efektif.&#13;
Melalui coaching, peserta dapat mengidentifikasi kebutuhan dan tantangan yang spesifik yang mereka hadapi dalam menyusun anggaran, serta mengembangkan strategi dan solusi yang sesuai. Coaching juga menciptakan lingkungan yang aman dan mendukung untuk bereksperimen, belajar dari ni, kesalahan, dan terus-menerus meningkatkan keterampilan dalam menyusun anggaran.</subfield>
    </datafield>
    <datafield tag="856" ind1="#" ind2="#">
      <subfield code="a">Puslatbang KMP LAN RI Makassar</subfield>
    </datafield>
  </record>
</collection>
